Teoría y problemas de teoría de conjuntos y temas afines.
Gardado en:
| Autor Principal: | |
|---|---|
| Formato: | Libro |
| Publicado: |
Bogotá, Colombia:
McGraw-Hill,
1969.
|
| Series: | Serie de Compendios Schaum
|
| Subjects: | |
| Tags: |
Engadir etiqueta
Sen Etiquetas, Sexa o primeiro en etiquetar este rexistro!
|
MARC
| LEADER | 00000nam a2200000 a 4500 | ||
|---|---|---|---|
| 001 | UCQ7882 | ||
| 003 | CL-VaPUC | ||
| 005 | 20220908133144.0 | ||
| 008 | 220908t1969 ||||| |||| 00| 0 eng d | ||
| 999 | |c 277261 |d 277259 | ||
| 040 | |c Pontificia Universidad Católica de Valparaíso | ||
| 082 | 0 | 4 | |a 511.322 LIP 1969 |2 21 |
| 100 | |a Lipschutz, Seymour |e autor |9 604228 | ||
| 245 | 1 | 0 | |a Teoría y problemas de teoría de conjuntos y temas afines. |
| 260 | |a Bogotá, Colombia: |b McGraw-Hill, |c 1969. | ||
| 300 | |a 233 páginas. | ||
| 490 | 0 | |a Serie de Compendios Schaum | |
| 500 | |a c.2 Donación Biblioteca Ingeniería. Memo 07/2022. 18/08/2022 | ||
| 583 | |a last modification |c 19981121 00:00:00 |k Rodrigo Vera | ||
| 650 | 0 | |a Teoría de conjuntos |9 265668 | |
| 650 | 0 | |a Funciones |9 263869 | |
| 650 | 0 | |a Conjuntos |9 342214 | |
| 650 | 0 | |a Números cardinales |2 CL-VaPUC |9 357375 | |
| 650 | 0 | |a Álgebra booleana |2 CL-VaPUC |9 270639 | |
| 942 | |c BK |2 ddc | ||
| 945 | |d 19981121 00:00:00 |a lriquelm | ||
| 952 | |0 0 |1 0 |4 0 |6 511_322000000000000_LIP_1969 |7 0 |8 A |9 315140 |a BIBMAT |b BIBMAT |d 2019-11-20 |i 1494074 |o 511.322 LIP 1969 |p 1494074 |r 2025-01-07 |w 2019-11-20 |y BK |k MAT | ||
| 952 | |0 0 |1 0 |2 ddc |4 0 |6 511_322000000000000_LIP_1969 |7 0 |8 A |9 586633 |a BIBING |b BIBING |c GEN |d 2022-09-08 |e Donación |i 5654593 |l 1 |o 511.322 LIP 1969 |p 5654593 |r 2025-03-28 |s 2025-03-28 |t 2 |w 2022-09-08 |y BK |k ING | ||